Mudanza de oficio

Sparad:
Bibliografiska uppgifter
Huvudupphovsman: Quino M., Humberto
Materialtyp: Bok
Språk:Undetermined
Publicerad: La Paz, Bolivia [Editor no identificado] 1983
Ämnen:
Taggar: Lägg till en tagg
Inga taggar, Lägg till första taggen!

MARC

LEADER 00000nam a2200000Ia 4500
008 170316s9999 xx 000 0 und d
040 |a cru BVZT 
090 |a 860 Q-2m 
100 |a Quino M., Humberto 
245 |a Mudanza de oficio 
260 |a La Paz, Bolivia 
260 |b [Editor no identificado] 
260 |c 1983 
300 |a 49 páginas 
650 |a LITERATURA LATINOAMERICANA 
999 |c 9119  |d 9119 
942 |c 15 D  |h 860 Q-2m  |2 z